000
00204 a2200097 4500
001
21491
100
_a
Salt, L E
245
_a
Encyclopedia of Brittannica
260
_a
_b
Benton
_c
090
_c
15120
_d
15120
942
_a
NUST-CAE
_c
M
_c
5693
999
_c
256564
_d
256564